Maquinaria para laboreo secundario del suelo /

Guardado en:
Autor Principal: Botta, Guido
Otros Autores: Dagostino, Carlos
Formato: Libro
Publicado: Buenos Aires : Agro Medios, 2001
Series:Máquinas. Serie de producción agrícola; no. 4
Materias:
Etiquetas: Agregar Etiqueta
Sin Etiquetas, Sea el primero en etiquetar este registro!
LEADER 00832nam a22002415a 4500
001 CEM.cems018027
005 20130613122230.0
008 130507s2001##################000#0#####d
003 CEMS
020 |a 9875231254 
082 0 4 |a 631.3 
100 1 |a Botta, Guido 
245 1 0 |a Maquinaria para laboreo secundario del suelo /  |c Guido Botta y Carlos Dagostino 
260 |a Buenos Aires :  |b Agro Medios,  |c 2001 
300 |a 90 p. 
490 0 |a Máquinas. Serie de producción agrícola; no. 4 
505 0 |a Maquinaria para laboreo secundario del suelo -- Arado de cinceles - Subsolador -- Labranza secundaria 
653 |a Maquinaria 
653 |a Labranza secundaria 
653 |a Arado cincel 
653 |a Suelos-laboreo secundario 
700 1 |a Dagostino, Carlos 
859 |a CEMS  |b BIB. CEMS - Agricultura  |h 631.3  |i B658-1  |p A1904.13  |t Ej.1  |v 4  |3 4